00333nam a2200097Ia 4500008004100000020001400041100002300055245009300078260004600171300001800217180205s9999 xx 000 0 und d a971642070 aZaide, Gregorio F. aJose Rizal :blife, works, and writings of a genius, writer, scientist and national hero aQuezon CitybAll nations publishingc2012 aix, 438 pages